| 000 | 00756nam a22002297a 4500 | ||
|---|---|---|---|
| 003 | UA-OsUOA | ||
| 001 | 50965 | ||
| 007 | ta | ||
| 008 | 20140716b un ||||| |||| 00| 0 ukr d | ||
| 090 |
_a01 _bУ45 |
||
| 942 | _cBR | ||
| 040 |
_aUA-OsUOA _bukr _cUA-OsUOA _dUA-OsUOA |
||
| 245 |
_aУкраїнська мемуаристика 1914-1924 (бібліографічний реєстр) _cЗібрав Іван Калинович |
||
| 300 | _a32 с. | ||
| 955 | _a1 | ||
| 041 | _aukr | ||
| 080 | _a01 | ||
| 260 |
_aЛьвів _c1925 |
||
| 650 | 7 |
_a01 Бібліографія і бібліографії. Каталоги _2UDC |
|
| 999 |
_c431096 _d431096 |
||